Primeres Jornades del Grup d'Investigació en Educació Especial
Descripción Física:
294 p. ; 24 cm
Colección:
Documents d'educació especial ; 1
Materias:
Educació especial -- Congressos
MARC
| LEADER | 00000nam a2200000Ia 4500 | ||
|---|---|---|---|
| 001 | 569 | ||
| 003 | BGR | ||
| 005 | 20260324175301.0 | ||
| 008 | 160829s1982 xx 000 0 cat d | ||
| 080 | |a E-1-58 | ||
| 111 | |a Jornades del Grup d'Investigació en Educació Especial |9 71268 |c (Brull : |d 1981) | ||
| 245 | |a Primeres Jornades del Grup d'Investigació en Educació Especial | ||
| 260 | |a Barcelona : |b Generalitat de Catalunya. Departament d'Ensenyament, |c 1982 | ||
| 300 | |a 294 p. ; |c 24 cm | ||
| 490 | |a Documents d'educació especial ; 1 | ||
| 650 | |a Educació especial |x Congressos |9 24809 | ||
| 710 | |a Catalunya. |b Departament d'Ensenyament |9 52899 | ||
| 901 | |a Arxiu | ||
| 942 | |n 1 |2 udc |c JC | ||
| 952 | |0 0 |1 0 |4 0 |6 E158 |7 1 |9 43324 |a Arxiu |b Arxiu |d 2016-12-01 |l 0 |o E-1-58 |p 569 |r 2016-12-01 00:00:00 |w 2016-12-01 |y ARXIU | ||
| 999 | |c 45869 |d 45869 | ||